[Event "Mesa Copper State-B"]
[Site "Mesa"]
[Date "2010.06.09"]
[Round "9"]
[White "Troff, Kayden W"]
[Black "Ristovic, Nenad"]
[Result "0-1"]
[WhiteElo "2201"]
[BlackElo "2193"]
[PlyCount "134"]
[EventDate "2010.06.04"]
[EventType "swiss"]
[EventRounds "9"]
[EventCountry "USA"]
[SourceTitle "CBM 136 Extra"]
[Source "ChessBase"]
[SourceDate "2010.07.02"]
[SourceVersion "2"]
[SourceVersionDate "2010.07.15"]
[SourceQuality "1"]

1. d4 d5 2. Nf3 c6 3. Bg5 h6 4. Bh4 Bf5 5. e3 Qb6 6. Qc1 Nd7 7. Nbd2 Ngf6 8. c4 e6 9. c5 Qd8 10. b4 Be7 11. Be2 0-0 12. 0-0 Ne4 13. Nxe4 Bxe4 14. Bg3 Bxf3 15. Bxf3 Bf6 16. Bg4 Re8 17. f4 Be7 18. Be1 b6 19. Bc3 a5 20. a3 Qb8 21. Rb1 axb4 22. axb4 b5 23. Ra1 Qb7 24. f5 Rxa1 25. Qxa1 exf5 26. Bxf5 Bg5 27. Bd2 Bxe3+ 28. Bxe3 Rxe3 29. Re1 Rxe1+ 30. Qxe1 Nf8 31. h4 g6 32. Bh3 Qb8 33. Qe5 Qxe5 34. dxe5 f5 35. exf6 Kf7 36. Bc8 Ne6 37. Kf2 Kxf6 38. Ke3 Ke7 39. g3 Nf8 40. Kf4 Nd7 41. Bb7 Nb8 42. Bc8 Kd8 43. Be6 Na6 44. Bf7 Nxb4 45. Bxg6 Na6 46. Ke5 Ke7 47. Kd4 Nc7 48. Kc3 Kf6 49. Bh5 Ke5 50. g4 d4+ 51. Kd3 Ne6 52. Bf7 Nxc5+ 53. Ke2 Ne6 54. Kd3 c5 55. Kd2 c4 56. Kc2 b4 57. g5 hxg5 58. hxg5 d3+ 59. Kd2 Nc5 60. Bxc4 Kd4 61. Bb5 Ne4+ 62. Kc1 Kc3 63. Kb1 Nxg5 64. Ka2 d2 65. Ba4 Ne6 66. Bd1 Nc5 67. Kb1 Ne4 0-1

[Event "Mesa Copper State-B"]
[Site "Mesa"]
[Date "2010.06.06"]
[Round "5"]
[White "Gurczak, John"]
[Black "Ristovic, Nenad"]
[Result "1-0"]
[WhiteElo "2069"]
[BlackElo "2193"]
[PlyCount "61"]
[EventDate "2010.06.04"]
[EventType "swiss"]
[EventRounds "9"]
[EventCountry "USA"]
[SourceTitle "CBM 136 Extra"]
[Source "ChessBase"]
[SourceDate "2010.07.02"]
[SourceVersion "2"]
[SourceVersionDate "2010.07.15"]
[SourceQuality "1"]

1. d4 d5 2. c4 e6 3. Nc3 c6 4. e3 Nf6 5. Nf3 Nbd7 6. Qc2 Be7 7. b3 0-0 8. Bd3 b6 9. 0-0 Bb7 10. Bb2 h6 11. Qe2 dxc4 12. Bxc4 b5 13. Bd3 b4 14. Na4 Qa5 15. Rac1 Rfc8 16. Rfd1 Nd5 17. Nd2 N5b6 18. Nxb6 axb6 19. Nc4 Qa7 20. Bb1 Nf8 21. Qh5 f6 22. e4 Rc7 23. Ne3 Qb8 24. Ng4 Qe8 25. Qh3 Rd7 26. Ne3 c5 27. d5 exd5 28. exd5 Rad8 29. Nf5 Bxd5 30. Qg4 h5 31. Qxg7# 1-0

[Event "Mesa Copper State-B"]
[Site "Mesa"]
[Date "2010.06.05"]
[Round "3"]
[White "Ristovic, Nenad"]
[Black "Altounian, Levon"]
[Result "0-1"]
[WhiteElo "2193"]
[BlackElo "2454"]
[PlyCount "44"]
[EventDate "2010.06.04"]
[EventType "swiss"]
[EventRounds "9"]
[EventCountry "USA"]
[SourceTitle "CBM 136 Extra"]
[Source "ChessBase"]
[SourceDate "2010.07.02"]
[SourceVersion "2"]
[SourceVersionDate "2010.07.15"]
[SourceQuality "1"]

1. d4 d6 2. Nf3 Bg4 3. g3 Bxf3 4. exf3 c6 5. Bg2 e6 6. 0-0 Ne7 7. f4 g6 8. Nd2 Bg7 9. Nf3 0-0 10. c3 Qb6 11. a4 a5 12. Re1 Nd7 13. Nd2 d5 14. Nf3 Rac8 15. Ne5 Rfd8 16. Ra3 Qc7 17. Qe2 Nf5 18. b3 c5 19. g4 Nd6 20. c4 cxd4 21. cxd5 exd5 22. Bxd5 Bxe5 0-1

[Event "Mesa Copper State op"]
[Site "Mesa"]
[Date "2009.06.01"]
[Round "6"]
[White "Rensch, Daniel"]
[Black "Ristovic, Nenad"]
[Result "1-0"]
[WhiteElo "2399"]
[BlackElo "2252"]
[PlyCount "39"]
[EventDate "2009.05.29"]
[EventType "swiss"]
[EventRounds "10"]
[EventCountry "USA"]
[SourceTitle "CBM 130 Extra"]
[Source "ChessBase"]
[SourceDate "2009.07.02"]
[SourceVersion "2"]
[SourceVersionDate "2009.07.15"]
[SourceQuality "1"]

1. e4 e6 2. d4 d5 3. Nc3 Nf6 4. Bg5 Bb4 5. e5 h6 6. Be3 Ne4 7. Qg4 g6 8. a3 Bxc3+ 9. bxc3 c5 10. Bd3 Qa5 11. Ne2 cxd4 12. Bxd4 Nc6 13. 0-0 Nc5 14. Rfb1 a6 15. Bxg6 Rg8 16. Bxf7+ Kxf7 17. Qh5+ Ke7 18. Qxh6 Re8 19. Nf4 Kd7 20. Nxd5 1-0

[Event "Calgary CICC op"]
[Site "Calgary"]
[Date "2009.05.18"]
[Round "9"]
[White "Ristovic, Nenad"]
[Black "Kazmaier, Daniel"]
[Result "1/2-1/2"]
[WhiteElo "2252"]
[BlackElo "2135"]
[PlyCount "79"]
[EventDate "2009.05.14"]
[EventType "swiss"]
[EventRounds "9"]
[EventCountry "CAN"]
[SourceTitle "CBM 130 Extra"]
[Source "ChessBase"]
[SourceDate "2009.07.02"]
[SourceVersion "2"]
[SourceVersionDate "2009.07.15"]
[SourceQuality "1"]

1. d4 f5 2. c4 d6 3. Nc3 Nf6 4. Nf3 g6 5. g3 Bg7 6. Bg2 0-0 7. 0-0 c6 8. Re1 Ne4 9. Qb3 Qb6 10. Be3 Na6 11. Qxb6 axb6 12. Na4 Nb4 13. Nxb6 Ra6 14. Nxc8 Rxc8 15. a3 Nc2 16. Rac1 Nxe1 17. Nxe1 e5 18. dxe5 dxe5 19. Bxe4 fxe4 20. c5 Rd8 21. Nc2 Kf7 22. b4 Bf6 23. Rb1 Rd7 24. Kg2 Ke6 25. h4 h5 26. Rb3 Kd5 27. Rc3 Ra8 28. Bc1 Ke6 29. Ne3 Bd8 30. Nc4 Bc7 31. Nb2 Ra6 32. Be3 Kd5 33. Nc4 Ke6 34. Nb2 Kf5 35. a4 Bd8 36. a5 Ra8 37. Nc4 Bc7 38. Rc1 Rad8 39. Bg5 Rg8 40. Be3 1/2-1/2

[Event "Calgary CICC op"]
[Site "Calgary"]
[Date "2009.05.15"]
[Round "2"]
[White "Ristovic, Nenad"]
[Black "Gardner, Robert"]
[Result "1/2-1/2"]
[WhiteElo "2252"]
[BlackElo "2143"]
[PlyCount "99"]
[EventDate "2009.05.14"]
[EventType "swiss"]
[EventRounds "9"]
[EventCountry "CAN"]
[SourceTitle "CBM 130 Extra"]
[Source "ChessBase"]
[SourceDate "2009.07.02"]
[SourceVersion "2"]
[SourceVersionDate "2009.07.15"]
[SourceQuality "1"]

1. d4 Nf6 2. c4 e6 3. Nc3 Bb4 4. Qc2 Nc6 5. Nf3 d6 6. g3 0-0 7. Bg2 e5 8. dxe5 Nxe5 9. Nxe5 dxe5 10. 0-0 c6 11. a3 Be7 12. h3 Be6 13. b3 Qc7 14. Bb2 Rad8 15. Rad1 Rxd1 16. Rxd1 Rd8 17. Rxd8+ Qxd8 18. Nd1 Nd7 19. Ne3 f6 20. b4 a5 21. c5 axb4 22. axb4 g6 23. Nc4 Nb8 24. Na5 Qd7 25. Kh2 Na6 26. Bc3 Bd8 27. Nb3 Nc7 28. Bb2 Nd5 29. Qd2 Qe8 30. e4 Ne7 31. Qd3 Bc7 32. Nd2 Qa8 33. Qa3 Qd8 34. Qc3 b6 35. cxb6 Bxb6 36. Nf3 Bxf2 37. Nxe5 Qd6 38. Nc4 Bxc4 39. Qxc4+ Kg7 40. Qc3 h5 41. e5 fxe5 42. Qxe5+ Qxe5 43. Bxe5+ Kf7 44. Be4 Ke6 45. Bc3 h4 46. gxh4 Bxh4 47. Kg2 Nd5 48. Bd2 Be7 49. Bxg6 Bxb4 50. Bg5 1/2-1/2

[Event "Calgary CICC op"]
[Site "Calgary"]
[Date "2009.05.14"]
[Round "1"]
[White "Kovalyov, Anton"]
[Black "Ristovic, Nenad"]
[Result "1-0"]
[WhiteElo "2557"]
[BlackElo "2252"]
[PlyCount "67"]
[EventDate "2009.05.14"]
[EventType "swiss"]
[EventRounds "9"]
[EventCountry "CAN"]
[SourceTitle "CBM 130 Extra"]
[Source "ChessBase"]
[SourceDate "2009.07.02"]
[SourceVersion "2"]
[SourceVersionDate "2009.07.15"]
[SourceQuality "1"]

1. Nf3 d5 2. d4 c6 3. c4 Nf6 4. Qb3 dxc4 5. Qxc4 b5 6. Qc2 e6 7. e4 Bb7 8. Bd3 Be7 9. 0-0 h6 10. Nc3 0-0 11. e5 Nd5 12. Qe2 Nxc3 13. bxc3 Qd5 14. Rb1 a6 15. a4 Re8 16. Rd1 Bf8 17. Bd2 Ra7 18. c4 bxc4 19. Be4 Qd7 20. Ba5 c5 21. dxc5 Qxa4 22. Ra1 Qb5 23. Bb6 Bxe4 24. Bxa7 Bd3 25. Qa2 Bxc5 26. Bxc5 Qxc5 27. Rac1 Qb5 28. Ne1 Nc6 29. Nxd3 cxd3 30. f4 Nb4 31. Qf2 a5 32. Qd4 Rb8 33. Kh1 Qe8 34. Rc5 1-0

[Event "Canada zt"]
[Site "Toronto"]
[Date "2006.08.22"]
[Round "5"]
[White "Ristovic, Nenad"]
[Black "Jiang, Louie"]
[Result "1-0"]
[WhiteElo "2293"]
[BlackElo "1965"]
[PlyCount "85"]
[EventDate "2006.08.18"]
[EventType "swiss"]
[EventRounds "9"]
[EventCountry "CAN"]
[SourceTitle "CBM 113 Extra"]
[Source "ChessBase"]
[SourceDate "2006.09.14"]
[SourceVersion "1"]
[SourceVersionDate "2006.09.14"]
[SourceQuality "1"]

1. d4 d5 2. c4 e6 3. Nc3 Be7 4. cxd5 exd5 5. Nf3 Nf6 6. Bg5 0-0 7. e3 c6 8. Qc2 Re8 9. Bd3 Nbd7 10. 0-0 h6 11. Bf4 Nf8 12. h3 Be6 13. Rab1 N6h7 14. b4 Ng5 15. Nxg5 Bxg5 16. Bh2 Rc8 17. Na4 b5 18. Nc5 Be7 19. a4 Bxc5 20. Qxc5 a6 21. Rfc1 Nd7 22. Qd6 Qb6 23. a5 Qb7 24. Rb2 Red8 25. Rbc2 Nb6 26. Qg3 Nc4 27. Qh4 f6 28. e4 Qf7 29. e5 fxe5 30. Bxe5 Nxe5 31. dxe5 Bd7 32. Qd4 Rf8 33. Qa7 Ra8 34. Qc7 Rfc8 35. Qd6 Re8 36. Bg6 Qe6 37. Bxe8 Qxe8 38. Re2 Qh5 39. Re3 Be8 40. Rf3 Bg6 41. Qxc6 Rd8 42. Rg3 Be4 43. Qc7 1-0

[Event "Canada zt"]
[Site "Toronto"]
[Date "2006.08.18"]
[Round "1"]
[White "Ristovic, Nenad"]
[Black "Henry, Liam"]
[Result "1/2-1/2"]
[WhiteElo "2293"]
[BlackElo "2090"]
[PlyCount "121"]
[EventDate "2006.08.18"]
[EventType "swiss"]
[EventRounds "9"]
[EventCountry "CAN"]
[SourceTitle "CBM 113 Extra"]
[Source "ChessBase"]
[SourceDate "2006.09.14"]
[SourceVersion "1"]
[SourceVersionDate "2006.09.14"]
[SourceQuality "1"]

1. d4 Nf6 2. c4 g6 3. Nc3 Bg7 4. g3 0-0 5. Bg2 d6 6. Nf3 Nc6 7. d5 Na5 8. Nd2 c6 9. 0-0 Bf5 10. h3 cxd5 11. cxd5 Rc8 12. Nb3 Nc4 13. Nd4 Bd7 14. b3 Qa5 15. Nb1 Nb6 16. e4 Nfxd5 17. exd5 Rxc1 18. Qxc1 Bxd4 19. Qa3 Qxa3 20. Nxa3 Bxa1 21. Rxa1 Rc8 22. Rd1 Rc5 23. Rd2 Ra5 24. Nb1 Bf5 25. Nc3 Rc5 26. Ne2 Rc2 27. Rxc2 Bxc2 28. f4 Kf8 29. Kf2 Bf5 30. g4 Bc8 31. Nd4 a6 32. f5 gxf5 33. gxf5 Kg7 34. Ke3 Kf6 35. Kf4 Nd7 36. Be4 Nc5 37. Bc2 Bd7 38. h4 Bb5 39. Nxb5 axb5 40. a3 b4 41. axb4 Na6 42. b5 Nc7 43. Ke4 Nxb5 44. Bd3 Nc7 45. Kd4 h6 46. b4 Na6 47. b5 Nc5 48. Bc2 b6 49. Bb1 Nb3+ 50. Kc3 Nc1 51. Kd2 Nb3+ 52. Kc3 Nc5 53. Kd4 Nd7 54. Ke4 Kg7 55. Bc2 Nf6+ 56. Kd4 Nh5 57. Ke4 Kf6 58. Bd3 Kg7 59. Bc2 Ng3+ 60. Kf3 Nh5 61. Ke4 1/2-1/2

[Event "Edmonton op10"]
[Site "Edmonton"]
[Date "2003.10.11"]
[Round "?"]
[White "Kaminski, Victor Kazimierz"]
[Black "Ristovic, Nenad"]
[Result "0-1"]
[WhiteElo "2022"]
[BlackElo "2293"]
[PlyCount "92"]
[EventDate "2003.10.11"]
[EventType "swiss"]
[EventRounds "6"]
[EventCountry "CAN"]
[SourceTitle "EXT 2008"]
[Source "ChessBase"]
[SourceDate "2007.11.25"]
[SourceVersion "1"]
[SourceVersionDate "2007.11.25"]
[SourceQuality "1"]

1. d4 d5 2. Nf3 c6 3. Bf4 Qb6 4. Qc1 Bg4 5. Nbd2 Nd7 6. e3 e6 7. Bd3 Ngf6 8. 0-0 Nh5 9. Bg3 Nxg3 10. hxg3 Be7 11. c4 Bh5 12. c5 Qc7 13. b4 Bg6 14. Qc3 0-0 15. a4 Bf6 16. Nb3 Rfe8 17. Rfc1 Bh5 18. Nfd2 e5 19. dxe5 Nxe5 20. Nd4 Bg6 21. Bxg6 hxg6 22. N2f3 Ng4 23. Rab1 Re4 24. b5 Rae8 25. Re1 Nh6 26. Qd2 Nf5 27. Nxf5 gxf5 28. Nd4 cxb5 29. axb5 Qxc5 30. Rec1 Qb6 31. Nxf5 g6 32. f3 R4e5 33. Nh6+ Kg7 34. Ng4 Rxe3 35. Nxe3 Bd4 36. Kf1 Bxe3 37. Qb2+ d4 38. Rd1 Qd6 39. Ra1 Kg8 40. f4 Qc5 41. Qe2 Re6 42. Ra4 Bxf4 43. Rc4 Qf5 44. Qf3 Be3 45. Qxf5 gxf5 46. Rc5 Rf6 0-1

[Event "Calgary"]
[Site "Calgary"]
[Date "2003.04.18"]
[Round "2"]
[White "Ristovic, Nenad"]
[Black "Nguyen, Kim"]
[Result "1-0"]
[WhiteElo "2293"]
[BlackElo "2114"]
[PlyCount "33"]
[EventDate "2003.04.18"]
[EventType "tourn"]
[EventRounds "7"]
[EventCountry "CAN"]
[SourceTitle "EXT 2008"]
[Source "ChessBase"]
[SourceDate "2007.11.25"]
[SourceVersion "1"]
[SourceVersionDate "2007.11.25"]
[SourceQuality "1"]

1. d4 d5 2. c4 c6 3. cxd5 cxd5 4. Nc3 Nf6 5. Bf4 Bg4 6. Nf3 e6 7. Bxb8 Bxf3 8. Bg3 Bh5 9. Qb3 Be7 10. Qxb7 0-0 11. f3 Bd6 12. Qa6 Bb4 13. e3 Bxc3+ 14. bxc3 Qb6 15. Qxb6 axb6 16. a4 Rfc8 17. Kd2 1-0

[Event "CAN-ch zt"]
[Site "Richmond"]
[Date "2002.03.30"]
[Round "10"]
[White "Kret, Ted"]
[Black "Ristovic, Nenad"]
[Result "0-1"]
[WhiteElo "2096"]
[BlackElo "2294"]
[PlyCount "84"]
[EventDate "2002.03.21"]
[EventType "swiss"]
[EventRounds "11"]
[EventCountry "CAN"]
[SourceTitle "CBM 088"]
[Source "ChessBase"]
[SourceDate "2002.03.21"]
[SourceVersion "1"]
[SourceVersionDate "2002.03.21"]
[SourceQuality "1"]

1. d4 d5 2. c4 e6 3. Nf3 c6 4. e3 f5 5. g4 Nf6 6. Ne5 fxg4 7. Nxg4 Nbd7 8. Nc3 Be7 9. Rg1 0-0 10. Bd2 Nxg4 11. Qxg4 Rf7 12. 0-0-0 e5 13. Qg2 exd4 14. exd4 Nf6 15. Bh6 Ng4 16. Be3 Bh4 17. cxd5 Nxf2 18. Bc4 Bh3 19. Bxf2 Bxg2 20. Bxh4 Qxh4 21. Rxg2 Kh8 22. dxc6 Rc7 23. cxb7 Rd8 24. Bb3 Rxb7 25. d5 g6 26. Kb1 Rd6 27. Re2 Rb4 28. Bc2 Rd4 29. Rxd4 Qxd4 30. a4 a6 31. Ka2 Rb6 32. Re4 Qf2 33. Re2 Qf4 34. Bb1 Rb4 35. Be4 Kg7 36. Ka3 Qd6 37. Ka2 Qc5 38. h4 Rxa4+ 39. Nxa4 Qc4+ 40. Ka3 Qxe2 41. Nc3 Qc4 42. Bf3 Qxh4 0-1

[Event "CAN-ch zt"]
[Site "Richmond"]
[Date "2002.03.28"]
[Round "8"]
[White "Gardner, Robert"]
[Black "Ristovic, Nenad"]
[Result "1-0"]
[WhiteElo "2206"]
[BlackElo "2294"]
[PlyCount "49"]
[EventDate "2002.03.21"]
[EventType "swiss"]
[EventRounds "11"]
[EventCountry "CAN"]
[SourceTitle "CBM 088"]
[Source "ChessBase"]
[SourceDate "2002.03.21"]
[SourceVersion "1"]
[SourceVersionDate "2002.03.21"]
[SourceQuality "1"]

1. e4 e6 2. d4 d5 3. Nc3 Nf6 4. e5 Nfd7 5. Nce2 c5 6. c3 b5 7. f4 Qb6 8. Nf3 Nc6 9. g3 a5 10. Bg2 b4 11. f5 cxd4 12. fxe6 fxe6 13. cxd4 Be7 14. Nf4 Nf8 15. 0-0 Ba6 16. Rf2 Kd7 17. Bh3 h5 18. Nxd5 Qb5 19. Nxe7 Nxe7 20. Ng5 h4 21. Qf3 Bb7 22. Qg4 hxg3 23. hxg3 Qd5 24. Bg2 Rh1+ 25. Kxh1 1-0

[Event "CAN-ch zt"]
[Site "Richmond"]
[Date "2002.03.26"]
[Round "6"]
[White "Lawson, Eric"]
[Black "Ristovic, Nenad"]
[Result "1-0"]
[WhiteElo "2170"]
[BlackElo "2294"]
[PlyCount "77"]
[EventDate "2002.03.21"]
[EventType "swiss"]
[EventRounds "11"]
[EventCountry "CAN"]
[SourceTitle "CBM 088"]
[Source "ChessBase"]
[SourceDate "2002.03.21"]
[SourceVersion "1"]
[SourceVersionDate "2002.03.21"]
[SourceQuality "1"]

1. d4 d5 2. Bg5 c6 3. Nf3 Qb6 4. b3 h6 5. Bh4 Bf5 6. e3 e6 7. Bd3 Bxd3 8. Qxd3 Nd7 9. 0-0 Ne7 10. c4 Nf5 11. c5 Qc7 12. Bg3 Nxg3 13. hxg3 Be7 14. Nc3 f5 15. g4 0-0 16. gxf5 e5 17. dxe5 Nxe5 18. Qc2 Nxf3+ 19. gxf3 Bxc5 20. Ne2 Bd6 21. f4 Qf7 22. Ng3 h5 23. Kg2 h4 24. Ne2 Qxf5 25. Qxf5 Rxf5 26. Rh1 Be7 27. Nd4 Rh5 28. Kf3 Kf7 29. Kg4 Rah8 30. Nf3 Bf6 31. Rac1 Ke6 32. Rh3 g6 33. b4 Kd6 34. Rch1 a5 35. bxa5 Ra8 36. Nxh4 Rah8 37. Nxg6 Rxh3 38. Rxh3 Rxh3 39. Kxh3 1-0

[Event "CAN-ch zt"]
[Site "Richmond"]
[Date "2002.03.24"]
[Round "5"]
[White "Ristovic, Nenad"]
[Black "Patterson, Roger"]
[Result "1-0"]
[WhiteElo "2294"]
[BlackElo "2173"]
[PlyCount "83"]
[EventDate "2002.03.21"]
[EventType "swiss"]
[EventRounds "11"]
[EventCountry "CAN"]
[SourceTitle "CBM 088"]
[Source "ChessBase"]
[SourceDate "2002.03.21"]
[SourceVersion "1"]
[SourceVersionDate "2002.03.21"]
[SourceQuality "1"]

1. d4 Nf6 2. c4 e6 3. Nc3 Bb4 4. Nf3 c5 5. g3 d5 6. Bg2 0-0 7. 0-0 cxd4 8. Nb5 Nc6 9. a3 Be7 10. Nbxd4 Bd7 11. Nxc6 Bxc6 12. Ne5 Qb6 13. Be3 Qc7 14. Nxc6 bxc6 15. Rc1 Qa5 16. Bd2 Qb6 17. b4 Rac8 18. Qb3 c5 19. b5 a6 20. a4 axb5 21. axb5 Rfd8 22. Qa4 Ra8 23. Qc2 Ra7 24. Ra1 Rda8 25. Qb2 h6 26. Bc3 Ra4 27. Rfd1 Rxa1 28. Rxa1 Rxa1+ 29. Qxa1 dxc4 30. Bc6 Nd5 31. Bxg7 c3 32. Bxh6 Kh7 33. Bc1 Bf6 34. Qb1+ Kg7 35. Qe4 Ne7 36. h4 Nxc6 37. bxc6 Bd8 38. Qe5+ Bf6 39. Bh6+ Kxh6 40. Qxf6+ Kh7 41. Qxf7+ Kh6 42. Qxe6+ 1-0

[Event "Canadian op"]
[Site "Richmond"]
[Date "1999.07.07"]
[Round "5"]
[White "Scholz, Franz Peter"]
[Black "Ristovic, Nenad"]
[Result "0-1"]
[WhiteElo "2155"]
[BlackElo "2265"]
[PlyCount "146"]
[EventDate "1999.07.02"]
[EventType "swiss"]
[EventRounds "11"]
[EventCountry "CAN"]
[SourceTitle "EXT 2000"]
[Source "ChessBase"]
[SourceDate "1999.11.16"]
[SourceVersion "1"]
[SourceVersionDate "1999.11.16"]
[SourceQuality "1"]

1. e4 e6 2. Nf3 d5 3. Nc3 Nf6 4. exd5 exd5 5. d4 c6 6. Bd3 Bg4 7. h3 Bh5 8. g4 Bg6 9. Qe2+ Qe7 10. Ne5 Bxd3 11. Nxd3 Nbd7 12. Qxe7+ Bxe7 13. Bf4 Nf8 14. 0-0-0 Ne6 15. Be5 0-0 16. f4 Nd7 17. f5 Nxe5 18. Nxe5 Nc7 19. h4 f6 20. Nd3 Bd6 21. Rdf1 Rae8 22. Kd2 Re7 23. Re1 Rfe8 24. Rxe7 Rxe7 25. Re1 Rxe1 26. Nxe1 h5 27. gxh5 Kh7 28. Ng2 Kh6 29. Ke3 Kxh5 30. Kf3 Bh2 31. Ne2 Nb5 32. Nef4+ Bxf4 33. Nxf4+ Kxh4 34. Ne6 Kh5 35. a4 Nd6 36. Kf4 g5+ 37. fxg6 Kxg6 38. Nd8 Kg7 39. b3 Kf8 40. Ne6+ Kf7 41. Nc5 b6 42. Na6 Nc8 43. c4 dxc4 44. bxc4 Ke6 45. Nb4 Ne7 46. Nd3 Ng6+ 47. Ke4 Nf8 48. Nf4+ Kd6 49. Kf5 Nd7 50. Nd3 Ke7 51. Nb4 Nb8 52. Nd3 Na6 53. Ke4 Nc7 54. Nb4 Kd6 55. Nd3 Ne6 56. Nc1 c5 57. d5 Nd4 58. Nd3 Nb3 59. Nf2 Na5 60. Kd3 f5 61. Nh3 Ke5 62. Ng5 Nb7 63. Ke3 f4+ 64. Kd3 Nd6 65. Nf3+ Kf5 66. Nd2 Kg4 67. Ne4 Nxe4 68. Kxe4 f3 69. d6 f2 70. d7 f1Q 71. Ke5 Qf8 72. Kd5 Kf4 73. Kc6 Qd8 0-1

[Event "Canadian op"]
[Site "Richmond"]
[Date "1999.07.02"]
[Round "10"]
[White "Orlov, Georgi"]
[Black "Ristovic, Nenad"]
[Result "1-0"]
[WhiteElo "2501"]
[BlackElo "2265"]
[PlyCount "105"]
[EventDate "1999.07.02"]
[EventType "swiss"]
[EventRounds "11"]
[EventCountry "CAN"]
[SourceTitle "EXT 2000"]
[Source "ChessBase"]
[SourceDate "1999.11.16"]
[SourceVersion "1"]
[SourceVersionDate "1999.11.16"]
[SourceQuality "1"]

1. d4 d5 2. c4 e6 3. Nc3 c6 4. Nf3 Nf6 5. e3 Nbd7 6. Bd3 dxc4 7. Bxc4 b5 8. Bd3 Bb7 9. 0-0 a6 10. e4 c5 11. d5 c4 12. Bc2 Qc7 13. dxe6 fxe6 14. Nd4 Nc5 15. Be3 Be7 16. Qf3 0-0 17. Qh3 e5 18. Nf5 g6 19. Nxe7+ Qxe7 20. Bh6 Rf7 21. Rae1 Ne6 22. Nd5 Bxd5 23. exd5 Nd4 24. Be4 Qd6 25. Qh4 Re8 26. Be3 Nxe4 27. Qxe4 Nf5 28. Bf4 Rd7 29. Rd1 Qe7 30. Bc1 Qc5 31. Rfe1 Red8 32. Bg5 Re8 33. h4 Nd6 34. Qg4 Nf5 35. Qe4 Nd6 36. Qf3 e4 37. Qg4 Rf7 38. Be3 Qc8 39. Qg5 Rf5 40. Qg3 Qd7 41. Bf4 Nb7 42. Rd4 Nc5 43. Bd6 Nd3 44. Rexe4 Rxe4 45. Rxe4 Rxd5 46. Ba3 b4 47. Bxb4 Nxb4 48. Qb8+ Kg7 49. Qxb4 Rd1+ 50. Kh2 Qd2 51. Qe7+ Kh6 52. Qf8+ Kh5 53. Re5+ 1-0

[Event "Alberta-ch"]
[Site "Edmonton"]
[Date "1998.04.10"]
[Round "1"]
[White "Ristovic, Nenad"]
[Black "Huber, Gregory"]
[Result "0-1"]
[WhiteElo "2324"]
[BlackElo "2349"]
[PlyCount "92"]
[EventDate "1998.04.10"]
[EventType "tourn"]
[EventRounds "7"]
[EventCountry "CAN"]
[SourceTitle "EXT 2017"]
[Source "ChessBase"]
[SourceDate "2016.10.25"]
[SourceVersion "1"]
[SourceVersionDate "2016.10.25"]
[SourceQuality "1"]

1. d4 Nf6 2. c4 c5 3. d5 e6 4. Nc3 exd5 5. cxd5 d6 6. g3 g6 7. Bg2 Bg7 8. Nf3 0-0 9. 0-0 a6 10. a4 Nbd7 11. Nd2 Nh5 12. e4 Rb8 13. Nc4 Ne5 14. Ne3 b5 15. axb5 axb5 16. f4 Nc4 17. Nxc4 bxc4 18. Qe2 Bd4+ 19. Kh1 Rb4 20. f5 f6 21. g4 Ng7 22. Rf3 g5 23. Rh3 Ne8 24. Ra7 Nc7 25. Ra3 Ba6 26. Rh5 Rb3 27. Rxb3 cxb3 28. Qd2 Kg7 29. Ne2 Be5 30. Rh3 Qb8 31. Rf3 h5 32. gxh5 Rh8 33. Rh3 Qb5 34. Bf3 Qa4 35. Kg2 g4 36. Bxg4 Qxe4+ 37. Bf3 Qxf5 38. Nf4 Bxf4 39. Qxf4 Bf1+ 40. Kxf1 Qxh3+ 41. Kf2 Nb5 42. Be2 Rxh5 43. Bxh5 Qxh5 44. h4 Nd4 45. Qg3+ Kf7 46. Bf4 Qe2+ 0-1

[Event "Battle of Alberta"]
[Site "Alberta"]
[Date "1997.??.??"]
[Round "2"]
[White "Ristovic, Nenad"]
[Black "Fullbrook, Nigel"]
[Result "0-1"]
[WhiteElo "2280"]
[BlackElo "2215"]
[PlyCount "82"]
[EventDate "1997.??.??"]
[EventType "match"]
[EventRounds "2"]
[EventCountry "CAN"]
[SourceTitle "EXT 2001"]
[Source "ChessBase"]
[SourceDate "2000.11.22"]
[SourceVersion "1"]
[SourceVersionDate "2000.11.22"]
[SourceQuality "1"]

1. d4 d5 2. c4 dxc4 3. e3 Nf6 4. Bxc4 e6 5. Nf3 a6 6. 0-0 Be7 7. Qe2 Nbd7 8. Rd1 b5 9. Bd3 Bb7 10. a4 c6 11. Bd2 0-0 12. Rc1 Qb8 13. Na3 e5 14. dxe5 Nxe5 15. Nxe5 Qxe5 16. Bc3 Qg5 17. Nc2 Rad8 18. f4 Qh6 19. Nd4 g6 20. Nf3 Nd5 21. Bd4 Rfe8 22. Ne5 Nxf4 23. Qf2 Bh4 24. Qxf4 Qxf4 25. exf4 Rxd4 26. axb5 cxb5 27. Rc7 Re7 28. Rac1 Rxf4 29. g3 Rd4 30. Bxb5 Rxe5 31. Rxb7 Rxb5 32. Rxb5 axb5 33. gxh4 Rxh4 34. Rc3 Rd4 35. Rb3 b4 36. Kf2 f5 37. Ke3 Rh4 38. Kd3 Rh3+ 39. Kc4 Rxb3 40. Kxb3 f4 41. Kc4 g5 0-1